[Event "OP-2010-0-01324"]
[Site "LSS email"]
[Date "2010.11.26"]
[Round "?"]
[White "Hokano, Juan Carlos"]
[Black "Konogray, Olga"]
[Result "1-0"]
[WhiteElo "1360"]
[BlackElo "684"]
[PlyCount "27"]
[EventDate "2010.11.20"]
[EventType "tourn (corr)"]
[EventRounds "4"]
[EventCountry "GER"]
[SourceTitle "Corr 2015"]
[Source "ChessBase"]
[SourceDate "2015.07.17"]
[SourceVersion "1"]
[SourceVersionDate "2015.07.17"]
[SourceQuality "1"]

1. d4 d5 2. c4 e6 3. Nf3 Bb4+ 4. Nc3 dxc4 5. Bg5 Nf6 6. e4 Nc6 7. e5 Be7 8. exf6 Bxf6 9. Bxf6 Qxf6 10. Bxc4 0-0 11. Qd3 e5 12. Nd5 Qd6 13. Ng5 exd4 14. Qxh7# 1-0

[Event "OP-2010-0-01324"]
[Site "LSS email"]
[Date "2010.11.26"]
[Round "?"]
[White "Konogray, Olga"]
[Black "Dob, Gabor"]
[Result "0-1"]
[WhiteElo "684"]
[BlackElo "1818"]
[PlyCount "62"]
[EventDate "2010.11.20"]
[EventType "tourn (corr)"]
[EventRounds "4"]
[EventCountry "GER"]
[SourceTitle "Telechess CBM 145"]
[Source "Chessbase"]
[SourceDate "2011.11.11"]
[SourceVersion "1"]
[SourceVersionDate "2011.11.11"]
[SourceQuality "1"]

1. d4 Nf6 2. Nf3 e6 3. e3 b6 4. Bd3 Bb7 5. 0-0 c5 6. Nc3 d5 7. b3 Be7 8. Ng5 0-0 9. Nxh7 Nxh7 10. Bxh7+ Kxh7 11. Rb1 Rh8 12. Qe1 Ba6 13. b4 Bxf1 14. Kxf1 cxb4 15. Ne2 Qc7 16. Qd1 Qxh2 17. Ng3 Bd6 18. Qf3 Rc8 19. e4 Bxg3 20. fxg3 Qh1+ 21. Ke2 Rxc2+ 22. Bd2 Qxb1 23. exd5 Qxa2 24. Qh5+ Kg8 25. dxe6 Qxe6+ 26. Kd1 Qa2 27. Ke2 Rxd2+ 28. Ke3 Nd7 29. Qb5 Rf2 30. Ke4 Nf6+ 31. Kd3 Qe2# 0-1

[Event "OP-2010-0-01305"]
[Site "LSS email"]
[Date "2010.11.04"]
[Round "?"]
[White "Broniek, Mariusz Maciej"]
[Black "Konogray, Olga"]
[Result "1-0"]
[WhiteElo "2296"]
[BlackElo "696"]
[PlyCount "43"]
[EventDate "2010.10.31"]
[EventType "tourn (corr)"]
[EventRounds "4"]
[EventCountry "GER"]
[SourceTitle "Telechess CBM 145"]
[Source "Chessbase"]
[SourceDate "2011.11.11"]
[SourceVersion "1"]
[SourceVersionDate "2011.11.11"]
[SourceQuality "1"]

1. e4 e5 2. Nf3 d6 3. d4 exd4 4. c3 Nf6 5. Bg5 d5 6. e5 Be7 7. exf6 Bxf6 8. Bxf6 Qxf6 9. Qxd4 Qe6+ 10. Qe3 0-0 11. Qxe6 Bxe6 12. Nbd2 Nc6 13. 0-0-0 b5 14. Bxb5 Na5 15. b4 Rab8 16. Nd4 Rfe8 17. Bxe8 Bg4 18. Rde1 c5 19. bxc5 Bf5 20. Nxf5 Rb5 21. Bxb5 g6 22. Re8# 1-0

[Event "ZN-2010-0-01184"]
[Site "LSS email"]
[Date "2010.10.11"]
[Round "?"]
[White "Konogray, Olga"]
[Black "Zimmermann, Jan Erik"]
[Result "0-1"]
[WhiteElo "800"]
[BlackElo "1010"]
[PlyCount "96"]
[EventDate "2010.10.07"]
[EventType "match (corr)"]
[EventRounds "2"]
[EventCountry "GER"]
[SourceTitle "Telechess CBM 143"]
[Source "ChessBase"]
[SourceDate "2011.07.15"]
[SourceVersion "1"]
[SourceVersionDate "2011.07.15"]
[SourceQuality "1"]

1. e4 d5 2. f3 dxe4 3. fxe4 e5 4. Nf3 Bg4 5. Be2 Bxf3 6. Bxf3 Bc5 7. d3 Nc6 8. c3 Nge7 9. Nd2 Qxd3 10. Nb3 Qxd1+ 11. Kxd1 0-0-0+ 12. Bd2 Bb6 13. Bg4+ Kb8 14. Rf1 f6 15. Rf2 Bxf2 16. c4 Nd4 17. Nc5 Nec6 18. Nxb7 Kxb7 19. Rc1 Bg1 20. Rc3 Bxh2 21. a4 Na5 22. c5 Nab3 23. c6+ Kb8 24. Rc4 a5 25. Bh5 Bg3 26. Rc3 Rd6 27. Rxg3 Nxd2 28. Kxd2 Nf5+ 29. Rd3 Rxd3+ 30. Kxd3 Ne7 31. Kc4 Nxc6 32. b3 Nd4 33. b4 axb4 34. Kxb4 Kb7 35. a5 Ka6 36. Bd1 Nc6+ 37. Ka4 Nxa5 38. Be2+ Kb6 39. Bb5 Rd8 40. Be2 Rd4+ 41. Ka3 Rxe4 42. Bd3 Re3 43. Kb4 Rxd3 44. g4 e4 45. Ka4 e3 46. Kb4 e2 47. g5 e1Q+ 48. Ka4 Qe4# 0-1